Dostluk ormanı : (Kayıt no. 23496)

MARC ayrıntıları
000 -BAŞLIK
Sabit Uzunluktaki Kontrol Alanı 00621nam a22001937a 4500
003 - KONTROL NUMARASI KİMLİĞİ
Kontrol Alanı koha_MIRAKIL
005 - EN SON İŞLEM TARİHİ ve ZAMANI
Kontrol Alanı 20260416095306.0
008 - SABİT UZUNLUKTAKİ VERİ ÖGELERİ - GENEL BİLGİ
Sabit Alan 260416b tur||||| |||| 00| 0 tur d
020 ## - ISBN - ULUSLARARASI STANDART KİTAP NUMARASI
Isbn 9786051882574
040 ## - KATALOGLAMA KAYNAĞI
Özgün Kataloglama Kurumu TR-IsEVY
Kataloglama Dili tur
Çeviri Kurumu TR-IsEVY
082 ## - DEWEY ONU SINIFLAMA SİSTEMİ
Sınıflama Numarası FIC MEA/D
100 ## - KİŞİ ADI
Yazar Adı (Kişi adı) Meadows, Daisy
245 #0 - ESER ADI BİLDİRİMİ
Başlık Dostluk ormanı :
Alt Eseradı vb. Nazlı Pofuduk'un büyük sürprizi /
Sorumluluk Bildirimi Daisy Meadows.
260 ## - YAYIN, DAĞITIM, VB.
Yayın Yeri İstanbul :
Yayınevi Beyaz Balina Yayınları,
Yayın Tarihi 2018.
300 ## - FİZİKSEL TANIMLAMA
Sayfa, Cilt vb. 83 s. :
Diğer fiziki detaylar resimli ;
Boyutları 19 cm.
490 0# - DİZİ BİLDİRİMİ
Dizi Bildirimi Dostluk Ormanı Serisi ; 10.
650 ## - KONU BAŞLIĞI EK GİRİŞ - KONU TERİMİ
Konusal terim veya coğrafi ad Çocuk Edebiyatı.
Alt başlık biçimi Çocuk Romanı.
-- Hayvan Sevgisi.
942 ## - EK GİRİŞ ÖGELERİ (KOHA)
Source of classification or shelving scheme Dewey Decimal Classification
Koha item type Kitap
Mevcut
Kayıp Durumu Sınıflandırma Kaynağı Hasarlı Durumu Koleksiyon Kodu Kalıcı Konum Mevcut Konum Kayıt Tarih Edinim Kaynağı Toplam Ödünçverme Yer Numarası Demirbaş Numarası Son Görülme Tarihi Fatura Tarihi Materyal Türü
  Dewey Decimal Classification   İlkokul İLKOKUL KÜTÜPHANESİ İLKOKUL KÜTÜPHANESİ 16/04/2026 Bağış   FIC MEA/D 25107 16/04/2026 16/04/2026 Kitap